Histoire générale de la philosophie depuis les temps les plus anciens jusqu'au XIXe siècle
Sábháilte in:
| Príomhchruthaitheoir: | |
|---|---|
| Formáid: | LEABHAR |
| Teanga: | Fraincis |
| Foilsithe / Cruthaithe: |
París
Didier
1867
|
| Eagrán: | 7a. ed |
| Ábhair: | |
| Clibeanna: |
Cuir clib leis
Níl clibeanna ann, Bí ar an gcéad duine le clib a chur leis an taifead seo!
|
MARC
| LEADER | 00000nam a2200000 a 4500 | ||
|---|---|---|---|
| 001 | UCZ3996 | ||
| 003 | CL-VaPUC | ||
| 008 | 951027e18670000FR |||||||||||||||||fre|d | ||
| 082 | 0 | 4 | |a 109 |b COU |2 21 |
| 100 | |a Cousin, Víctor |e author |9 347056 | ||
| 245 | 1 | 0 | |a Histoire générale de la philosophie depuis les temps les plus anciens jusqu'au XIXe siècle |
| 250 | |a 7a. ed | ||
| 300 | |a 578 p | ||
| 942 | |c BK | ||
| 945 | |d 19951027 00:00:00 |a lriquelm | ||
| 260 | |a París |b Didier |c 1867 | ||
| 650 | 0 | |a Filosofía |9 223554 | |
| 650 | 0 | |a Historia |9 255047 | |
| 650 | 0 | |a Escuelas filosóficas |9 266232 | |
| 650 | 0 | |a Ideologías |9 255200 | |
| 650 | 0 | |a Filosofía griega |9 265579 | |
| 650 | 0 | |a Filosofía oriental |9 319113 | |
| 650 | 0 | |a Filosofía medieval |9 256245 | |
| 650 | 0 | |a Idealismo |9 265685 | |
| 650 | 0 | |a Escepticismo |9 258591 | |
| 650 | 0 | |a Misticismo |9 265505 | |
| 583 | |a last modification |c 19951027 00:00:00 |k Rodrigo Vera | ||
| 999 | |c 240435 |d 240433 | ||
| 952 | |0 0 |1 0 |4 0 |6 109_000000000000000_COU_1867 |7 0 |8 P |9 252299 |a BIBEDU |b BIBEDU |c BIBEDU_PB |d 2019-11-18 |i 159351K |o 109 COU 1867 |p 159351K |r 2024-01-25 |w 2019-11-18 |y BK |k FIL | ||